000 02908nam a22003975a 4500
005 20091217141634.0
008 091120t20092006paua j 001 0 eng
010 _aB-385429-440
020 _a9780440420637
_c163.00
035 _aB-385429-440
037 _bBlueberry Books
040 _adpl
_bEnglish
082 _aS
100 _aSharmat, Marjorie Weinman
245 _aOlivia Sharp:
_cby Marjorie Weinman Sharmat [and] Mitchell Sharmat ; illustrated by Denise Brunkus
_bthe green toenails gang /
260 _aNew York
_bYearling Book
_c2005
270 _bNew York
300 _a72 p. :
_bcol. ill.
_c20cm(pbk)
700 _aSharmat, Mitchell
700 _aBrunkus, Denise
710 _aMason Crest Publishers.
942 _2ddc
_cCH
_hS
_mSHA
999 _c33120
_d33120